Primer curso de contabilidad : contiene el cálculo y registro contable del IVA, ISPT, IMSS, SAR, INFONAVIT y 2% sobre nóminas / Elías Lara Flores (Record no. 209314)
[ view plain ]
| 000 -CABECERA | |
|---|---|
| campo de control de longitud fija | 00850nam a2200277Ia 4500 |
| 001 - NÚMERO DE CONTROL | |
| campo de control | dia_2915 |
| 003 - IDENTIFICADOR DEL NÚMERO DE CONTROL | |
| campo de control | CHAP |
| 005 - FECHA Y HORA DE LA ÚLTIMA TRANSACCIÓN | |
| campo de control | 20251021151326.0 |
| 008 - DATOS DE LONGITUD FIJA--INFORMACIÓN GENERAL | |
| campo de control de longitud fija | 220601s9999 xx 000 0 und d |
| 020 ## - NÚMERO INTERNACIONAL ESTÁNDAR DEL LIBRO | |
| Número Internacional Estándar del Libro | 968-24-6603-2 |
| 040 ## - FUENTE DE LA CATALOGACIÓN | |
| Centro/agencia transcriptor | CHAP |
| 082 ## - NÚMERO DE LA CLASIFICACIÓN DECIMAL DEWEY | |
| Número de clasificación | 657 L37 2002 |
| 100 ## - ENTRADA PRINCIPAL--NOMBRE DE PERSONA | |
| Nombre de persona | Lara Flores, Elías |
| 9 (RLIN) | 64839 |
| 245 ## - MENCIÓN DE TÍTULO | |
| Título | Primer curso de contabilidad : contiene el cálculo y registro contable del IVA, ISPT, IMSS, SAR, INFONAVIT y 2% sobre nóminas / Elías Lara Flores |
| 250 ## - MENCIÓN DE EDICIÓN | |
| Mención de edición | 18a ed. |
| 260 ## - PUBLICACIÓN, DISTRIBUCIÓN, ETC. | |
| Lugar de publicación, distribución, etc. | México : Trillas |
| 300 ## - DESCRIPCIÓN FÍSICA | |
| Extensión | 347 p. |
| 500 ## - NOTA GENERAL | |
| Nota general | Reposición con material fotocopiado |
| 503 ## - NOTA DE HISTORIA BIBLIOGRÁFICA (BK CF MU) [OBSOLETO] | |
| Nota de historia bibliográfica | C/e |
| 650 ## - PUNTO DE ACCESO ADICIONAL DE MATERIA--TÉRMINO DE MATERIA | |
| Término de materia o nombre geográfico como elemento de entrada | 1. Contabilidad - Estudio y enseñanza |
| 9 (RLIN) | 175803 |
| 856 ## - LOCALIZACIÓN Y ACCESO ELECTRÓNICOS | |
| Nombre del host | Ì |
| 901 ## - ELEMENTOS DE DATOS A LOCAL LDA (RLIN) | |
| a | 657 L37 2002 |
| 902 ## - ELEMENTOS DE DATOS B LOCAL, LDB (RLIN) | |
| a | M |
| 905 ## - ELEMENTOS DE DATOS E LOCAL, LDE (RLIN) | |
| a | 5232272002 mx mnl 8222223322spa16 |
| 942 ## - ELEMENTOS DE PUNTO DE ACCESO ADICIONAL (KOHA) | |
| Tipo de ítem Koha | Libro |
| Fuente del sistema de clasificación o colocación | Dewey Decimal Classification |
| Estado de retiro | Estado de pérdida | Fuente del sistema de clasificación o colocación | Estado dañado | No para préstamo | Código de colección | Localización permanente | Ubicación/localización actual | Ubicación en estantería | Fecha de adquisición | Total de préstamos | Código de barras | Fecha visto por última vez | Fecha del último préstamo | Número de copia | Precio válido a partir de | Tipo de ítem Koha |
|---|---|---|---|---|---|---|---|---|---|---|---|---|---|---|---|---|
| Dewey Decimal Classification | General | Ingenieria Agroindustrial | Ingenieria Agroindustrial | 01/06/2022 | 2 | dia_005322 | 26/11/2025 | 26/11/2025 | 1 | 01/06/2022 | Libro |
